Scenario Techniques

Salvato in:
Dettagli Bibliografici
Autore principale: Reibnitz, Ute von
Natura: Libro
Lingua:spagnolo
Pubblicazione: Hamburg McGraw-Hill 1988
Edizione:1. ed.
Tags: Aggiungi Tag
Nessun Tag, puoi essere il primo ad aggiungerne!!

MARC

LEADER 00000nam a2200000 4500
001 c025799
005 20221219132242.6
041 0 |a spa 
044 |a DE 
245 1 0 |a Scenario Techniques  |c Ute von Reibnitz 
250 |a 1. ed. 
264 1 |a Hamburg  |b McGraw-Hill  |c 1988 
300 |a 238 s. 
100 1 |a Reibnitz, Ute von